000 00640cjm a22002413a 4500
001 20161922
005 20180130040941.0
007 sd fsngnnzmned
008 171204s2006 xxumpn| | zxx
010 _a 2017609127
017 _aPA0001382176
_bU.S. Copyright Office
040 _aDLC
_cDLC
041 _aeng
080 _a7 san
100 1 _a44
101 _aart
245 1 0 _aDavinci code
_cJeff Pfeifer, Rob Pfeifer.
246 3 _aDa Vinci code
511 0 _aPerformers not identified.
906 _a7
_bcbc
_corignew
_d2
_encip
_f20
_gy-soundrec
942 _2ddc
_cBK
999 _c41246
_d41246